Colour in the making : (Record no. 354000)
[ view plain ]
| 000 -LEADER | |
|---|---|
| fixed length control field | 01423nam a2200289 a 4500 |
| 001 - CONTROL NUMBER | |
| control field | ASIN1907317953 |
| 003 - CONTROL NUMBER IDENTIFIER | |
| control field | OSt |
| 005 - DATE AND TIME OF LATEST TRANSACTION | |
| control field | 20180116192424.0 |
| 008 - FIXED-LENGTH DATA ELEMENTS--GENERAL INFORMATION | |
| fixed length control field | 140828s2013 xxu eng d |
| 020 ## - INTERNATIONAL STANDARD BOOK NUMBER | |
| International Standard Book Number | 1907317953 (paperback) |
| 020 ## - INTERNATIONAL STANDARD BOOK NUMBER | |
| International Standard Book Number | 9781907317958 (paperback) |
| 040 ## - CATALOGING SOURCE | |
| Transcribing agency | sada |
| 050 04 - LIBRARY OF CONGRESS CALL NUMBER | |
| Classification number | ND1489 |
| 082 04 - DEWEY DECIMAL CLASSIFICATION NUMBER | |
| Classification number | 701.85 |
| 245 00 - TITLE STATEMENT | |
| Title | Colour in the making : |
| Remainder of title | from old wisdom to new brilliance / |
| 260 ## - PUBLICATION, DISTRIBUTION, ETC. | |
| Place of publication, distribution, etc. | [S.l.] : |
| Name of publisher, distributor, etc. | Black Dog Publishing, |
| Date of publication, distribution, etc. | 2013. |
| 300 ## - PHYSICAL DESCRIPTION | |
| Extent | 240 p. ; |
| Dimensions | 30 cm. |
| 520 ## - SUMMARY, ETC. | |
| Summary, etc. | Colour in the Making is a visual history of art and design told through the materials of colorfrom the discovery and use of early earth pigments through lakes to organic chemistry and into contemporary dyes, inks, printing techniques and manufacture. Throughout this sumptuously colorful book artists’ and designers’ projects illustrate the often behind the scenes inventions and processes of color-making. In doing so Colour in the Making , through its international and deep exploration of the field of color, shows that art and science have always been inextricably linked. |
| 650 #0 - SUBJECT ADDED ENTRY--TOPICAL TERM | |
| Topical term or geographic name entry element | Color |
| 9 (RLIN) | 7731 |
| 650 #0 - SUBJECT ADDED ENTRY--TOPICAL TERM | |
| Topical term or geographic name entry element | Color in art |
| 9 (RLIN) | 7732 |
| 700 1# - ADDED ENTRY--PERSONAL NAME | |
| Personal name | Ball, Philip. |
| 9 (RLIN) | 7733 |
| 700 1# - ADDED ENTRY--PERSONAL NAME | |
| Personal name | Clarke, Mark. |
| 9 (RLIN) | 7734 |
| 700 1# - ADDED ENTRY--PERSONAL NAME | |
| Personal name | Parraman, Carinna. |
| 9 (RLIN) | 7735 |
| 700 1# - ADDED ENTRY--PERSONAL NAME | |
| Personal name | Stubbs, Phoebe. |
| 9 (RLIN) | 7736 |
| 856 40 - ELECTRONIC LOCATION AND ACCESS | |
| Materials specified | Amazon.com |
| Uniform Resource Identifier | <a href="http://www.amazon.com/exec/obidos/ASIN/1907317953/chopaconline-20">http://www.amazon.com/exec/obidos/ASIN/1907317953/chopaconline-20</a> |
| 942 ## - ADDED ENTRY ELEMENTS (KOHA) | |
| Source of classification or shelving scheme | |
| Koha item type | Book |
| Withdrawn status | Lost status | Source of classification or shelving scheme | Damaged status | Not for loan | Permanent Location | Current Location | Date acquired | Total Checkouts | Full call number | Barcode | Date last seen | Cost, replacement price | Price effective from | Koha item type |
|---|---|---|---|---|---|---|---|---|---|---|---|---|---|---|
| School of Art Design and Architecture (SADA) | School of Art Design and Architecture (SADA) | 08/27/2014 | 701.85 COL 2013 | SADA0002368 | 01/05/2017 | 3183.96 | 01/05/2017 | Book |
